pokémon présents dans smash bros - Statistiques

Statistiques générales
  • Ce quiz a été pris 39 fois
  • Le résultat moyen est 9 sur 10
Statistiques - réponses
apparition/type Réponse % Correct
smash 64/elektrik pikachu
100%
brawl/feu,vol dracaufeu
95%
smash 64/normal,fée rondoudou
92%
melee/psy mewtwo
89%
melee/elektrik pichu
87%
brawl/plante,poison herbizarre
84%
brawl/combat,acier lucario
84%
smash 4/eau,ténèbres amphinobi
82%
brawl/eau carapuce
82%
ultimate/feu,ténèbres félinferno
71%
Aucun quiz correspondant
Distribution des résultats
% des personnes avec chaque résultat
Percentile par nombre de réponses
Votre historique - résultats
Vous n’avez pas pris ce quiz